| 000 | 00852nam a22002417a 4500 | ||
|---|---|---|---|
| 005 | 20170124110004.0 | ||
| 010 | _aB-019273 | ||
| 020 |
_c00.00 _a8171415628 |
||
| 035 | _aB-019273 | ||
| 037 | _bCen Lib/Ret | ||
| 040 |
_aDPL _bEN |
||
| 082 |
_a363.700285 _bABB |
||
| 100 |
_aAbbasi, S.A. _915547 |
||
| 245 |
_aComputer aided environmental management / _cby S.A. Abbasi [and] Faisal I. Khan |
||
| 260 |
_aNew Delhi _bDiscovery Publishing House _c2000 |
||
| 270 |
_bNew Delhi _a4831/24, Ansari Road, Darya Ganj _e110002 |
||
| 300 |
_a424p. _c22cm(Hb) |
||
| 500 | _aIncludes bibliographical references and index | ||
| 650 |
_aEnvironmental management -- India -- Data processing _916478 |
||
| 650 |
_aEnvironmental management -- Data processing _916479 |
||
| 700 |
_aFaisal I. Khan _916480 |
||
| 942 |
_2ddc _cEN _h363.700285 _mABB |
||
| 999 |
_c126067 _d126067 |
||